The impact of selected macro economic variables on bank performance in Zambia (Record no. 85106)

MARC details
000 -LEADER
fixed length control field 00766 a2200229 4500
003 - CONTROL NUMBER IDENTIFIER
control field CBULib
005 - DATE AND TIME OF LATEST TRANSACTION
control field 20240628102234.0
008 - FIXED-LENGTH DATA ELEMENTS--GENERAL INFORMATION
fixed length control field 240628b |||||||| |||| 00| 0 eng d
040 ## - CATALOGING SOURCE
Language of cataloging English
Transcribing agency CBULib
Description conventions rda
050 ## - LIBRARY OF CONGRESS CALL NUMBER
Classification number CBU-PG THESIS/IMA
Item number B85106
100 ## - MAIN ENTRY--PERSONAL NAME
Personal name Imasiku, Mutauka
245 ## - TITLE STATEMENT
Title The impact of selected macro economic variables on bank performance in Zambia
Statement of responsibility, etc / by Mutauka Imasiku
260 ## - PUBLICATION, DISTRIBUTION, ETC. (IMPRINT)
Name of publisher, distributor, etc Copperbelt University:
Date of publication, distribution, etc 2023
Place of publication, distribution, etc Kitwe,
300 ## - PHYSICAL DESCRIPTION
Extent ix, 56 pages : Colour illustrations
336 ## - CONTENT TYPE
Source rdacontent
Content type term Text |
Content type code txt
337 ## - MEDIA TYPE
Source rdamedia
Media type term Unmediated |
Media type code n
338 ## - CARRIER TYPE
Source rdacarrier
Carrier type term Volume
Carrier type code nc
500 ## - GENERAL NOTE
General note includes bibliographical references
650 #0 - SUBJECT ADDED ENTRY--TOPICAL TERM
9 (RLIN) 3038
Topical term or geographic name as entry element MACROECONOMICS
650 #0 - SUBJECT ADDED ENTRY--TOPICAL TERM
9 (RLIN) 3040
Topical term or geographic name as entry element BANKS AND BANKING
942 ## - ADDED ENTRY ELEMENTS (KOHA)
Source of classification or shelving scheme
Koha item type UNIVERSITY COLLECTION
Holdings
Withdrawn status Lost status Source of classification or shelving scheme Damaged status Not for loan Permanent Location Current Location Shelving location Date acquired Source of acquisition Total Checkouts Full call number Barcode Date last seen Copy number Price effective from Koha item type
          CBU-MAIN LIBRARY, KITWE. CBU-MAIN LIBRARY, KITWE. Special Collections 06/28/2024 CBU   CBU-PG THESIS/IMA B85106 06/28/2024 1 06/28/2024 UNIVERSITY COLLECTION